Central Library and Information Centre
Sibsagar Girls' College, Sivasagar : Assam

EN FRANKAR DINLIPI (Record no. 6597)

MARC details
000 -LEADER
fixed length control field 00393cam a2200169ua 4500
008 - FIXED-LENGTH DATA ELEMENTS--GENERAL INFORMATION
fixed length control field 060101n1992 II |||gr||||Z||||||asm
040 ## - CATALOGING SOURCE
Original cataloging agency MAIN
041 ## - LANGUAGE CODE
-- English
082 ## - DEWEY DECIMAL CLASSIFICATION NUMBER
Classification number 891.45131 SEN
100 ## - MAIN ENTRY--PERSONAL NAME
Personal name SENGUPTA, KAMALA.
245 ## - TITLE STATEMENT
Title EN FRANKAR DINLIPI
260 ## - PUBLICATION, DISTRIBUTION, ETC.
Place of publication, distribution, etc. DIBRUGARH
Name of publisher, distributor, etc. STUDENT EMPORIUM
Date of publication, distribution, etc. 1992
300 ## - PHYSICAL DESCRIPTION
Extent 282:
Dimensions 22CM.
942 ## - ADDED ENTRY ELEMENTS (KOHA)
Koha item type Books
653 ## - INDEX TERM--UNCONTROLLED
Uncontrolled term Assamese Novel
Holdings
Withdrawn status Lost status Damaged status Not for loan Collection code Home library Current library Shelving location Date acquired Full call number Barcode Date last seen Copy number Price effective from Koha item type
        REFASM Central Library and Information Centre Sibsagar Girls College Central Library and Information Centre Sibsagar Girls College Assamese Fiction 05.02.1997 891.45131 SEN 14411 27.02.2020 1 27.02.2020 Books


Sibsagar Girl's College © 2020. All rights reserved.
Powered by Koha.
Maintained by Abhijit Borpuzari.